00878njm a2200265Ia 450000100060000000300090000600500170001500800410003204000130007304000130008604100120009910000160011110000180012710000380014524500210018325000110020426000120021526000610022730000100028830000290029850000150032750501620034265000450050470000630054927388IT-RoPAU20220918181128.0131025s9999 xx 000 0 und d aIT-RoPAU cIT-RoPAU aINGLESE aByrne David eAutore musica gCodice autore musica SPICS: 10066 aLittle Creatures a1a ed. aENGLAND bEMI RECORDSc1985 [1a Ed.:1985 - Ed. Lingua Orig.: 1985] aDISCO c40 minuti (Testo: pag.) aMusica pop aAnd She Was - Give Me Back My Name - Creatures of Love - The Lady Don't Mind - Perfect World - Stay Up Late - Walk It Down - Television Man - Road To Nowhere aPOP [DISCHI]eCodice MATERIA SPICS: 9950 aTalking Heads gCodice interprete SPICS: 13171eInterprete